[Event "BL 2324 SG Solingen - SV Mülheim Nord"]
[Site "?"]
[Date "2024.02.23"]
[Round "9.6"]
[White "Nikolic, Predrag"]
[Black "Saltaev, Mihail"]
[Result "1-0"]
[WhiteElo "2535"]
[BlackElo "2442"]
[PlyCount "74"]
[EventDate "2024.??.??"]

1. d4 d5 2. c4 e6 3. Nc3 Nf6 4. Bg5 Be7 5. e3 h6 6. Bh4 O-O 7. Nf3 b6 8. Rc1 Bb7 9. Bxf6 Bxf6 10. cxd5 exd5 11. Be2 Qe7 12. O-O Rd8 13. Re1 c5 14. dxc5 bxc5 15. Qb3 c4 16. Qc2 a5 17. b3 cxb3 18. Qxb3 Qb4 19. Red1 Na6 20. Nb5 Qxb3 21. axb3 Nb4 22. Nfd4 a4 23. Rc7 Bc8 24. bxa4 Rxa4 25. Rb1 Na6 26. Ra7 Nc5 27. Rc1 Rxa7 28. Nxa7 Ba6 29. Rxc5 Bxd4 30. exd4 Bxe2 31. Nc6 Re8 32. Rxd5 Bb5 33. Ne5 Bc6 34. Rc5 f6 35. Nd3 Be4 36. Nf4 g5 37. Nh5 Kf7 1-0

[Event "BL 2324 SG Solingen - SV Mülheim Nord"]
[Site "?"]
[Date "2024.02.23"]
[Round "9.7"]
[White "Buckels, Valentin"]
[Black "Naumann, Alexander"]
[Result "1/2-1/2"]
[WhiteElo "2443"]
[BlackElo "2494"]
[PlyCount "72"]
[EventDate "2024.??.??"]

1. d4 Nf6 2. c4 e6 3. Nf3 d5 4. g3 Bb4+ 5. Bd2 a5 6. Qc2 O-O 7. Bg2 c5 8. cxd5 cxd4 9. Nxd4 Qb6 10. e3 exd5 11. O-O Nc6 12. Nxc6 bxc6 13. Rc1 Rb8 14. Nc3 Bd7 15. Na4 Qa7 16. Bc3 Bxc3 17. Qxc3 Rb4 18. b3 Ne4 19. Bxe4 dxe4 20. Nc5 Bh3 21. Qe5 Rb5 22. a4 Rb4 23. Ra2 f6 24. Qd6 Qf7 25. Rd2 h6 26. Rd4 Rxd4 27. Qxd4 Qh5 28. Qd1 Qf5 29. Nb7 Bg4 30. Qd6 Bf3 31. Qxc6 Kh7 32. Qb5 Qh3 33. Qf1 Qh5 34. Qb5 Qh3 35. Qf1 Qh5 36. Qb5 Qh3 1/2-1/2

[Event "BL 2324 SG Solingen - SV Mülheim Nord"]
[Site "?"]
[Date "2024.02.23"]
[Round "9.8"]
[White "Wegerle, Joerg"]
[Black "Gungl, Theo"]
[Result "1-0"]
[WhiteElo "2417"]
[BlackElo "2361"]
[PlyCount "73"]
[EventDate "2024.??.??"]

1. c4 c6 2. d4 d5 3. cxd5 cxd5 4. Nc3 Nf6 5. Bf4 Nc6 6. e3 a6 7. Bd3 e6 8. Nf3 Be7 9. h3 Bd7 10. O-O O-O 11. Rc1 Qa5 12. Ne5 Rfc8 13. Bg5 Be8 14. f4 b5 15. Bxf6 Bxf6 16. Ng4 Bd8 17. f5 Qc7 18. Qf3 Qd6 19. f6 g6 20. Nh6+ Kh8 21. Qg4 Qf8 22. Qg5 Rc7 23. Rf4 Nb8 24. Rcf1 Nd7 25. Ng4 Rac8 26. Ne2 Rc6 27. Ne5 Nxe5 28. dxe5 Bb6 29. Rh4 Kg8 30. Kh1 Bc7 31. Nd4 Rc5 32. Nf3 Bb6 33. Rh6 Rc4 34. b3 Bxe3 35. Qxe3 Rc3 36. Qf4 Rxd3 37. Qh4 1-0

[Event "BL 2324 SC Remagen Sinzig - SC Heimbach-"]
[Site "?"]
[Date "2024.02.23"]
[Round "9.1"]
[White "Livaic, Leon"]
[Black "Gledura, Benjamin"]
[Result "1/2-1/2"]
[WhiteElo "2561"]
[BlackElo "2622"]
[PlyCount "69"]
[EventDate "2024.??.??"]

1. e4 c5 2. Nf3 d6 3. Bb5+ Bd7 4. Bxd7+ Nxd7 5. O-O e6 6. b3 Be7 7. Bb2 Bf6 8. d4 cxd4 9. Bxd4 Ne7 10. Bxf6 Nxf6 11. Re1 O-O 12. c4 a6 13. Nc3 Qc7 14. Rc1 Rfd8 15. Qe2 Qa5 16. e5 Ne8 17. Qe4 Rab8 18. Red1 b5 19. cxb5 axb5 20. b4 Qa3 21. Nd4 Rdc8 22. exd6 Nxd6 23. Qf4 Qxb4 24. Nxe6 Qxf4 25. Nxf4 Nc4 26. Nfd5 Nxd5 27. Nxd5 Kf8 28. g3 Ra8 29. Rb1 Rxa2 30. Rxb5 Rb2 31. Rxb2 Nxb2 32. Rd2 Nc4 33. Rc2 Nd6 34. Rxc8+ Nxc8 35. Kg2 1/2-1/2

[Event "BL 2324 SC Remagen Sinzig - SC Heimbach-"]
[Site "?"]
[Date "2024.02.23"]
[Round "9.2"]
[White "Pavlidis, Antonios"]
[Black "Kraemer, Martin"]
[Result "1-0"]
[WhiteElo "2563"]
[BlackElo "2577"]
[PlyCount "82"]
[EventDate "2024.??.??"]

1. e4 c5 2. Nf3 d6 3. d4 cxd4 4. Nxd4 Nf6 5. f3 e5 6. Nb3 d5 7. Bg5 Be6 8. Bxf6 gxf6 9. exd5 Qxd5 10. Qxd5 Bxd5 11. Nc3 Be6 12. O-O-O Nd7 13. Nb5 Bh6+ 14. Kb1 Ke7 15. Nc7 Rad8 16. Nd5+ Bxd5 17. Rxd5 Nc5 18. Bc4 Rxd5 19. Bxd5 Rd8 20. Bxf7 Kxf7 21. Nxc5 Rd2 22. g4 Rf2 23. Nxb7 Be3 24. Nd6+ Ke6 25. Nf5 Bc5 26. Nh4 a5 27. c3 a4 28. a3 Kd5 29. Ka2 Kc4 30. Re1 Rxh2 31. Re4+ Kb5 32. g5 fxg5 33. Nf5 h5 34. Rxe5 h4 35. Nd6+ Kc6 36. Nf7 h3 37. Nxg5 Bd6 38. Re6 Kd5 39. c4+ Kc5 40. Ne4+ Kxc4 41. Rxd6 Rg2 1-0

[Event "BL 2324 SC Remagen Sinzig - SC Heimbach-"]
[Site "?"]
[Date "2024.02.23"]
[Round "9.3"]
[White "Neugebauer, Martin"]
[Black "Plat, Vojtech"]
[Result "1/2-1/2"]
[WhiteElo "2527"]
[BlackElo "2525"]
[PlyCount "96"]
[EventDate "2024.??.??"]

1. e4 g6 2. d4 Bg7 3. Nc3 d5 4. exd5 Nf6 5. Bc4 Nbd7 6. Bb3 Nb6 7. Qf3 Bg4 8. Qg3 Bf5 9. Nf3 a5 10. a4 Nbxd5 11. Nxd5 Nxd5 12. O-O O-O 13. Re1 Ra6 14. Qh4 e6 15. h3 Rc6 16. Re2 f6 17. Qg3 Ne7 18. c3 g5 19. Nd2 Kh8 20. Ne4 b6 21. Qf3 Bg6 22. Bd2 e5 23. Rae1 Qd7 24. Ng3 Rd6 25. Bc1 Nf5 26. Nxf5 Bxf5 27. dxe5 fxe5 28. Qg3 h6 29. f3 Bg6 30. h4 gxh4 31. Qxh4 Bh7 32. Bc2 Bxc2 33. Rxc2 Qf5 34. Rce2 Rg6 35. Rf1 Rg8 36. Qh2 Kh7 37. Kh1 Bf6 38. g4 Qd3 39. Ree1 e4 40. fxe4 Bg7 41. g5 Rf8 42. Rxf8 Bxf8 43. Qe2 Qg3 44. Rg1 Qh3+ 45. Qh2 Qf3+ 46. Qg2 Qh5+ 47. Qh2 Qf3+ 48. Qg2 Qh5+ 1/2-1/2

[Event "BL 2324 SC Remagen Sinzig - SC Heimbach-"]
[Site "?"]
[Date "2024.02.23"]
[Round "9.4"]
[White "Burg, Twan"]
[Black "Krejci, Jan"]
[Result "0-1"]
[WhiteElo "2520"]
[BlackElo "2535"]
[PlyCount "94"]
[EventDate "2024.??.??"]

1. e4 e5 2. Nf3 Nc6 3. Bb5 a6 4. Ba4 Nf6 5. O-O Be7 6. Re1 b5 7. Bb3 d6 8. c3 O-O 9. h3 Bb7 10. d4 Re8 11. Ng5 Rf8 12. Nf3 Re8 13. Nbd2 exd4 14. cxd4 Nd7 15. Nf1 Na5 16. Bc2 Bf6 17. Ng3 g6 18. Rb1 c5 19. d5 Nc4 20. b3 Nce5 21. Nh2 Nb6 22. Rf1 Bg7 23. f4 Ned7 24. Nf3 a5 25. h4 Ba6 26. h5 b4 27. Rf2 Nf6 28. Ng5 Ra7 29. hxg6 hxg6 30. f5 Bc8 31. Bb2 Nfxd5 32. exd5 Bxb2 33. Rxb2 Qxg5 34. Ne4 Rxe4 35. Bxe4 gxf5 36. Bf3 Nd7 37. Qd2 Qg3 38. Qh6 Ne5 39. Qf6 Ra8 40. Bh5 Bd7 41. Rbe2 Rf8 42. Qh6 f6 43. Rxe5 Qxe5 44. Qg6+ Kh8 45. Rf3 f4 46. Qh6+ Kg8 47. Bg6 Qe1+ 0-1

[Event "BL 2324 SC Remagen Sinzig - SC Heimbach-"]
[Site "?"]
[Date "2024.02.23"]
[Round "9.7"]
[White "Winterberg, Lukas"]
[Black "Jaracz, Pawel"]
[Result "1-0"]
[WhiteElo "2418"]
[BlackElo "2478"]
[PlyCount "59"]
[EventDate "2024.??.??"]

1. d4 d5 2. Nf3 Nf6 3. c4 c6 4. Nc3 e6 5. e3 a6 6. a4 c5 7. dxc5 Bxc5 8. cxd5 exd5 9. Bd3 Nc6 10. h3 O-O 11. O-O Be6 12. Nd4 Qd6 13. Nce2 Bb6 14. b3 Rfe8 15. Ba3 Qd7 16. Nxc6 bxc6 17. Rc1 Bc7 18. Nd4 Bxh3 19. Rxc6 Re5 20. Rxc7 Qxc7 21. gxh3 Rxe3 22. Kg2 Re5 23. Qc1 Qd7 24. Qc6 Rg5+ 25. Kh2 Qd8 26. Be7 Qxe7 27. Qxa8+ Ne8 28. f4 Rh5 29. Nf5 Qe6 30. Rf2 1-0

[Event "BL 2324 SC Remagen Sinzig - SC Heimbach-"]
[Site "?"]
[Date "2024.02.23"]
[Round "9.8"]
[White "Vandenbussche, Thibaut"]
[Black "Tica, Sven"]
[Result "1/2-1/2"]
[WhiteElo "2423"]
[BlackElo "2433"]
[PlyCount "124"]
[EventDate "2024.??.??"]

1. e4 c6 2. d4 d5 3. e5 Bf5 4. g4 Bd7 5. Be3 Qc7 6. Nc3 h5 7. gxh5 Nh6 8. Bd3 Bg4 9. Be2 Bf5 10. Nf3 e6 11. Qd2 Bg4 12. Ng1 Bf5 13. O-O-O a6 14. Nf3 Bg4 15. Nh4 Bxe2 16. Nxe2 c5 17. dxc5 Ng4 18. Bd4 Rxh5 19. Nf3 Nc6 20. h3 Ngxe5 21. Nxe5 Nxe5 22. Qc3 Nd7 23. Bxg7 Qxc5 24. Qxc5 Bxc5 25. Bd4 Ke7 26. h4 Rg8 27. Ng3 Rh6 28. Rhe1 Kd6 29. h5 Bxd4 30. Rxd4 Nf6 31. Rf4 Rg5 32. a4 a5 33. Re3 Ng4 34. Rb3 f5 35. Rxb7 Ke5 36. Rf3 Nxf2 37. Rxf2 Rxg3 38. Re2+ Kf4 39. Rb6 Re3 40. Rf2+ Kg3 41. Rxf5 exf5 42. Rxh6 f4 43. Kd2 Re5 44. Rh8 Kf2 45. h6 f3 46. h7 Re2+ 47. Kd3 Re7 48. c3 Rf7 49. b4 Kf1 50. bxa5 f2 51. Kd2 Re7 52. a6 Re2+ 53. Kd3 Re7 54. Kd2 Re2+ 55. Kd3 Re7 56. a7 Rxa7 57. Kd4 Rxa4+ 58. Kxd5 Rh4 59. c4 Ke2 60. Re8+ Kd3 61. Rf8 Rxh7 62. Rxf2 Rh5+ 1/2-1/2

[Event "BL 2324 USV TU Dresden - HSK Lister Turm"]
[Site "?"]
[Date "2024.02.23"]
[Round "9.1"]
[White "Pfreundt, Jakob"]
[Black "Nisipeanu, Liviu-Dieter"]
[Result "1/2-1/2"]
[WhiteElo "2462"]
[BlackElo "2587"]
[PlyCount "76"]
[EventDate "2024.??.??"]

1. e4 e6 2. d4 d5 3. e5 c5 4. c3 Nc6 5. Nf3 Bd7 6. Be2 f6 7. O-O fxe5 8. Nxe5 Nxe5 9. dxe5 Qc7 10. Re1 O-O-O 11. Nd2 Ne7 12. Nf3 h6 13. h4 Nc6 14. Bf4 Be8 15. Bg3 Bh5 16. Qa4 Qa5 17. Qc2 Be7 18. b4 Qc7 19. b5 Na5 20. Nd4 cxd4 21. Bxh5 dxc3 22. Bf7 Kb8 23. Bxe6 d4 24. Bf5 Ka8 25. e6 Qb6 26. Bd3 Rhe8 27. Re4 Bf6 28. Rae1 Re7 29. Qa4 Rc8 30. R1e2 a6 31. bxa6 bxa6 32. Bd6 Qxd6 33. Qxa5 Ka7 34. g3 Rb8 35. Kg2 Rb2 36. Qf5 Qc6 37. Rxb2 cxb2 38. Kh2 Rc7 1/2-1/2

[Event "BL 2324 USV TU Dresden - HSK Lister Turm"]
[Site "?"]
[Date "2024.02.23"]
[Round "9.3"]
[White "Abel, Dennes"]
[Black "Gajewski, Grzegorz"]
[Result "1-0"]
[WhiteElo "2422"]
[BlackElo "2555"]
[PlyCount "131"]
[EventDate "2024.??.??"]

1. Nf3 d5 2. e3 Nf6 3. c4 e6 4. Nc3 Bd6 5. b3 O-O 6. Bb2 Nc6 7. a3 d4 8. Nxd4 Nxd4 9. exd4 c6 10. Qc2 e5 11. dxe5 Bxe5 12. f3 g6 13. O-O-O Bf5 14. d3 h5 15. Ne4 Re8 16. Bxe5 Rxe5 17. Qc3 Re6 18. Nxf6+ Rxf6 19. d4 Rd6 20. Kb2 Qg5 21. g3 Re8 22. f4 Qd8 23. c5 Rde6 24. Bc4 Re3 25. Qb4 b5 26. cxb6 axb6 27. a4 c5 28. dxc5 Qf6+ 29. Ka3 bxc5 30. Qxc5 Bc2 31. Rd6 Qg7 32. Rc1 Bf5 33. Rcd1 Kh7 34. Qd4 Qf8 35. Kb2 R8e4 36. Qf6 Rxc4 37. bxc4 Re2+ 38. Kc3 Rc2+ 39. Kb3 Qb8+ 40. Rb6 Qc7 41. Rb4 Qa7 42. Qd4 Qa8 43. Qd5 Qh8 44. Qe5 Qc8 45. Rd5 Rc1 46. Kb2 Rxc4 47. Rxc4 Qxc4 48. Qd4 Qc2+ 49. Ka3 Be6 50. Qd2 Qb1 51. Rb5 Qa1+ 52. Kb4 Qb1+ 53. Ka5 Qg1 54. Kb4 Qb1+ 55. Kc5 Qg1+ 56. Qd4 Qc1+ 57. Kb6 Qc8 58. Rc5 Qb8+ 59. Ka5 Qa7+ 60. Kb4 Qb6+ 61. Kc3 Qb3+ 62. Kd2 Bg4 63. Rc2 Bf5 64. Rb2 Qa3 65. Rb8 Qa2+ 66. Ke3 1-0

[Event "BL 2324 USV TU Dresden - HSK Lister Turm"]
[Site "?"]
[Date "2024.02.23"]
[Round "9.4"]
[White "Vogel, Roven"]
[Black "Lammers, Markus"]
[Result "1-0"]
[WhiteElo "2524"]
[BlackElo "2316"]
[PlyCount "73"]
[EventDate "2024.??.??"]

1. d4 d5 2. c4 dxc4 3. e4 e5 4. Nf3 exd4 5. Bxc4 Nc6 6. O-O Be6 7. Bxe6 fxe6 8. Qb3 Qd7 9. Qxb7 Rb8 10. Qa6 Bd6 11. Nbd2 Nge7 12. Nb3 e5 13. Bd2 O-O 14. Qc4+ Kh8 15. Ng5 Qe8 16. Ne6 Rf6 17. Nec5 Qh5 18. f3 Rg8 19. Qe2 g5 20. Nd3 Rh6 21. g3 Rf6 22. Rac1 Qf7 23. Kh1 h6 24. Na5 Nxa5 25. Bxa5 Qxa2 26. Bxc7 Bxc7 27. Rxc7 Ng6 28. Nb4 Qa5 29. Nd5 Rd6 30. Rfc1 Qa6 31. Qg2 Qd3 32. Rxa7 Rc6 33. Rf1 Rgc8 34. Raa1 Rb8 35. Qh3 Nf8 36. Qf5 Re8 37. Nb4 1-0

[Event "BL 2324 USV TU Dresden - HSK Lister Turm"]
[Site "?"]
[Date "2024.02.23"]
[Round "9.6"]
[White "Maiwald, Jens-Uwe"]
[Black "Pubantz, Jan"]
[Result "1-0"]
[WhiteElo "2439"]
[BlackElo "2277"]
[PlyCount "87"]
[EventDate "2024.??.??"]

1. e4 c6 2. d4 d5 3. e5 Bf5 4. h4 h6 5. g4 Be4 6. f3 Bh7 7. e6 c5 8. dxc5 Nc6 9. Nc3 fxe6 10. Bd3 Nf6 11. Nh3 Nd7 12. Bxh7 Rxh7 13. Qd3 g6 14. Bf4 Rf7 15. O-O-O Bg7 16. Rhe1 Nde5 17. Bxe5 Nxe5 18. Rxe5 Bxe5 19. Qxg6 Bxc3 20. bxc3 Qc7 21. g5 Qe5 22. gxh6 Qf5 23. Qg4 O-O-O 24. Ng5 Rf6 25. Qxf5 Rxf5 26. h7 Rf6 27. c4 Rh8 28. cxd5 exd5 29. Rxd5 Rf4 30. h5 Rh4 31. Ne6 a6 32. Rg5 Kd7 33. Rg8 Kxe6 34. Rxh8 Rxh5 35. Kb2 Rh3 36. c3 Kd7 37. Kb3 Rh4 38. f4 Ke6 39. a3 Kd7 40. f5 Kc7 41. c6 Kb6 42. c4 Rh3+ 43. Kc2 Kc7 44. cxb7 1-0

[Event "BL 2324 USV TU Dresden - HSK Lister Turm"]
[Site "?"]
[Date "2024.02.23"]
[Round "9.7"]
[White "Hampel, Felix"]
[Black "Boensch, Uwe"]
[Result "0-1"]
[WhiteElo "2311"]
[BlackElo "2455"]
[PlyCount "60"]
[EventDate "2024.??.??"]

1. c4 e6 2. Nf3 b6 3. Nc3 Bb7 4. a3 Nf6 5. d4 d5 6. e3 Nbd7 7. Bd3 Bd6 8. Qc2 c5 9. cxd5 exd5 10. dxc5 bxc5 11. O-O O-O 12. b4 Rc8 13. Nb5 Ne5 14. Nxd6 Nxf3+ 15. gxf3 Qxd6 16. bxc5 Rxc5 17. Qb2 Ba6 18. Qe2 Bxd3 19. Qxd3 Qe5 20. Bd2 Qg5+ 21. Kh1 Qh5 22. e4 Qh3 23. e5 Ne4 24. Be1 Ng5 25. Bd2 Ne4 26. Be1 Rc2 27. Rd1 Ng5 28. Bd2 Rxd2 29. Qxd2 Qxf3+ 30. Kg1 Nh3# 0-1

[Event "BL 2324 SK Doppelbauer Turm Kiel - Hambu"]
[Site "?"]
[Date "2024.02.23"]
[Round "9.2"]
[White "Bjerre, Jonas Buhl"]
[Black "Mendonca, Leon Luke"]
[Result "1-0"]
[WhiteElo "2642"]
[BlackElo "2631"]
[PlyCount "133"]
[EventDate "2024.??.??"]

1. e4 c5 2. Nf3 d6 3. d4 cxd4 4. Nxd4 Nf6 5. Nc3 a6 6. h3 e5 7. Nf3 Be7 8. g4 b5 9. g5 Nfd7 10. Be3 Nb6 11. Nd5 N8d7 12. h4 Bb7 13. Nxe7 Qxe7 14. Nd2 Na4 15. c4 Nxb2 16. Qb1 Na4 17. cxb5 O-O 18. bxa6 Bc6 19. Bc4 Kh8 20. O-O f6 21. f3 Nac5 22. Qc1 Nxa6 23. Nb3 Nac5 24. Qd2 fxg5 25. Rad1 Nxb3 26. axb3 g4 27. Bg5 Nf6 28. Qxd6 Qa7+ 29. Kh2 h6 30. Qxc6 hxg5 31. Ra1 Qxa1 32. Rxa1 Rxa1 33. hxg5 Nh5 34. Qd6 Rfa8 35. b4 Rc1 36. Qxe5 Rxc4 37. fxg4 Rc2+ 38. Kh3 Nf4+ 39. Qxf4 g6 40. Qf6+ Kh7 41. Qe7+ Kg8 42. Qe6+ Kh7 43. Qd7+ Kh8 44. Kg3 Rf8 45. Qd4+ Kh7 46. e5 Rc7 47. b5 Rb7 48. b6 Rfb8 49. e6 Re8 50. Qd5 Rbe7 51. Qb5 Rb8 52. Qc5 Rbe8 53. Kf4 Kh8 54. Qc3+ Kh7 55. Qh3+ Kg8 56. Qb3 Kg7 57. Ke5 Rb7 58. Kd6 Reb8 59. Kc6 Kf8 60. Qf3+ Ke8 61. Kd5 Rg7 62. Ke5 Rbb7 63. Qc6+ Kd8 64. Qd5+ Ke8 65. Qc5 Rb8 66. Qc6+ Kd8 67. Qd6+ 1-0

[Event "BL 2324 SK Doppelbauer Turm Kiel - Hambu"]
[Site "?"]
[Date "2024.02.23"]
[Round "9.3"]
[White "Kempinski, Robert"]
[Black "Yuffa, Daniil"]
[Result "1-0"]
[WhiteElo "2547"]
[BlackElo "2605"]
[PlyCount "83"]
[EventDate "2024.??.??"]

1. d4 Nf6 2. Nf3 d5 3. c4 e6 4. e3 b6 5. b3 Bb7 6. Bd3 Bb4+ 7. Bd2 Bd6 8. Nc3 Nbd7 9. O-O O-O 10. Qe2 Ne4 11. cxd5 exd5 12. Ba6 Qc8 13. Bxb7 Qxb7 14. Rfc1 a6 15. a4 f5 16. Ne1 Rae8 17. Nd3 c5 18. dxc5 bxc5 19. Qd1 Re6 20. Be1 g5 21. Ne2 Rh6 22. h3 g4 23. Nef4 gxh3 24. Nxh3 Rxh3 25. gxh3 d4 26. exd4 Rf7 27. dxc5 Rg7+ 28. Kf1 Ndxc5 29. Nxc5 Bxc5 30. Qd8+ Kf7 31. Qd3 Nxf2 32. Qc4+ Ke8 33. Qe6+ Re7 34. Qg8+ Kd7 35. Rxc5 Qh1+ 36. Qg1 Qxh3+ 37. Qg2 Qd3+ 38. Kg1 Ne4 39. Rcc1 Ke6 40. Qg8+ Rf7 41. Rc6+ Ke5 42. Qb8+ 1-0

[Event "BL 2324 SK Doppelbauer Turm Kiel - Hambu"]
[Site "?"]
[Date "2024.02.23"]
[Round "9.4"]
[White "Teclaf, Pawel"]
[Black "Ernst, Sipke"]
[Result "1/2-1/2"]
[WhiteElo "2553"]
[BlackElo "2535"]
[PlyCount "45"]
[EventDate "2024.??.??"]

1. c4 e5 2. d3 d6 3. Nc3 f5 4. g3 Nf6 5. Bg2 Be7 6. b4 c6 7. Nf3 O-O 8. O-O Kh8 9. b5 Qc7 10. bxc6 bxc6 11. Rb1 Nbd7 12. Ba3 Nb6 13. Nd2 Be6 14. Nb3 Nbd7 15. Qd2 Rfc8 16. Na4 Nb6 17. Qa5 Nxa4 18. Qxa4 a5 19. c5 d5 20. f4 Ng4 21. Bc1 Rcb8 22. Bd2 Rb5 23. fxe5 1/2-1/2

[Event "BL 2324 SK Doppelbauer Turm Kiel - Hambu"]
[Site "?"]
[Date "2024.02.23"]
[Round "9.5"]
[White "Papp, Gabor"]
[Black "Gumularz, Szymon"]
[Result "1/2-1/2"]
[WhiteElo "2547"]
[BlackElo "2591"]
[PlyCount "84"]
[EventDate "2024.??.??"]

1. e4 e5 2. Nf3 Nc6 3. Bc4 Bc5 4. c3 Nf6 5. d3 d6 6. Bg5 h6 7. Bh4 a6 8. a4 Ba7 9. Nbd2 Qe7 10. O-O g5 11. Bg3 Nd7 12. b4 Nf8 13. Bd5 Nd8 14. d4 Ng6 15. dxe5 dxe5 16. Nc4 f6 17. Ne3 Bxe3 18. fxe3 c6 19. Bc4 Be6 20. Nd2 O-O 21. a5 Nf7 22. Bxe6 Qxe6 23. Nb3 Rad8 24. Qh5 Kg7 25. Nc5 Qe7 26. Qg4 Rd6 27. Rad1 Rfd8 28. Rxd6 Rxd6 29. Rd1 Rxd1+ 30. Qxd1 Nf8 31. Qg4 Nd8 32. Qc8 Nfe6 33. Nxe6+ Nxe6 34. c4 Nd8 35. c5 Ne6 36. h3 h5 37. h4 g4 38. Kh2 Qf7 39. Bf2 Nf8 40. Qf5 Qe8 41. Bg3 Qf7 42. Bf2 Qe8 1/2-1/2

[Event "BL 2324 SK Doppelbauer Turm Kiel - Hambu"]
[Site "?"]
[Date "2024.02.23"]
[Round "9.6"]
[White "Meshkovs, Nikita"]
[Black "Kramer, Julian"]
[Result "1/2-1/2"]
[WhiteElo "2548"]
[BlackElo "2469"]
[PlyCount "167"]
[EventDate "2024.??.??"]

1. Nf3 Nf6 2. c4 g6 3. Nc3 d5 4. cxd5 Nxd5 5. Qb3 Nb6 6. d4 Bg7 7. e4 Bg4 8. Bb5+ c6 9. Ng5 O-O 10. Be2 Bxe2 11. Nxe2 c5 12. dxc5 N6d7 13. Qxb7 Qa5+ 14. Bd2 Qa6 15. Qxa6 Nxa6 16. c6 Ndc5 17. O-O h6 18. Nf3 Nxe4 19. Be3 Rfc8 20. Rac1 Bxb2 21. Rc4 Nec5 22. Nf4 Rxc6 23. Nd3 Nxd3 24. Rxc6 Nab4 25. Rc7 Nxa2 26. Rd1 Nab4 27. Bxa7 Ne5 28. Be3 Nd5 29. Rb7 Nxf3+ 30. gxf3 Nxe3 31. fxe3 Bf6 32. Rd2 Kg7 33. Kf2 Ra5 34. f4 g5 35. Kf3 gxf4 36. Rg2+ Kh7 37. Kxf4 Bg5+ 38. Kf3 Ra3 39. Re2 f5 40. Rb6 f4 41. h4 Bxh4 42. Kxf4 Bg5+ 43. Ke4 Kg7 44. Rc6 Ra4+ 45. Kd5 Kf7 46. Rf2+ Bf6 47. Rc4 Ra5+ 48. Ke4 Re5+ 49. Kf4 Rg5 50. Rfc2 Rg1 51. Rc1 Rg2 52. R4c2 Rg8 53. Kf3 Ra8 54. Rc5 Ra3 55. Ke4 Ra4+ 56. Kf3 Ra3 57. R1c4 Bg5 58. Rc3 Ra6 59. e4 Rf6+ 60. Ke2 Re6 61. Rf3+ Kg6 62. Kd3 Rf6 63. Rg3 Rf1 64. Rc6+ Rf6 65. Rxf6+ exf6 66. Rg1 Kf7 67. Kd4 Bf4 68. Kd3 h5 69. Ke2 Bd6 70. Kf3 Be5 71. Rg2 Bd6 72. Rg1 Be5 73. Kg2 Bf4 74. Rh1 Kg6 75. Kf3 Be5 76. Ke3 Bd6 77. Rg1+ Kf7 78. Rf1 Kg6 79. Rf5 h4 80. Kf2 h3 81. Kg1 Be5 82. Kh1 Bd6 83. Kg1 Be5 84. Kh1 1/2-1/2

[Event "BL 2324 SK Doppelbauer Turm Kiel - Hambu"]
[Site "?"]
[Date "2024.02.23"]
[Round "9.7"]
[White "Zwirs, Nico"]
[Black "Thybo, Jesper Sondergaard"]
[Result "1/2-1/2"]
[WhiteElo "2474"]
[BlackElo "2533"]
[PlyCount "68"]
[EventDate "2024.??.??"]

1. e4 c5 2. Nf3 Nc6 3. d4 cxd4 4. Nxd4 Nf6 5. Nc3 e5 6. Ndb5 d6 7. Bg5 a6 8. Na3 b5 9. Bxf6 gxf6 10. Nd5 f5 11. g3 Be6 12. exf5 Bxf5 13. Bg2 Rc8 14. O-O Bg7 15. c3 O-O 16. Nc2 Be6 17. a4 f5 18. axb5 axb5 19. Ncb4 Nxb4 20. Nxb4 e4 21. Ra6 Bc4 22. Rxd6 Qc7 23. Rd7 Qc5 24. Re1 Rf7 25. Rxf7 Bxf7 26. Qd7 Re8 27. Qc6 Bf8 28. Bf1 Rd8 29. Qxc5 Bxc5 30. Nc2 Rd2 31. Re2 Rd1 32. Re1 Rd2 33. Re2 Rd1 34. Re1 Rd2 1/2-1/2

[Event "BL 2324 SK Doppelbauer Turm Kiel - Hambu"]
[Site "?"]
[Date "2024.02.23"]
[Round "9.8"]
[White "Pajeken, Jakob Leon"]
[Black "Heinemann, Thies"]
[Result "1/2-1/2"]
[WhiteElo "2426"]
[BlackElo "2425"]
[PlyCount "44"]
[EventDate "2024.??.??"]

1. e4 c5 2. Nf3 d6 3. d4 cxd4 4. Nxd4 Nf6 5. Nc3 a6 6. Be3 e5 7. Nf3 Be7 8. Bc4 O-O 9. O-O Nc6 10. Re1 Na5 11. Bf1 Qc7 12. Na4 b5 13. Bb6 Qb7 14. Bxa5 bxa4 15. Bc4 Bd7 16. Qd3 Rfc8 17. Rad1 Rc5 18. Bc3 Rxc4 19. Qxc4 Bb5 20. Qb4 d5 21. Qa5 Bd8 22. Qb4 Be7 1/2-1/2

[Event "BL 2324 FC Bayern München - SK Kirchwey"]
[Site "?"]
[Date "2024.02.24"]
[Round "10.1"]
[White "Kadric, Denis"]
[Black "Santos Latasa, Jaime"]
[Result "0-1"]
[WhiteElo "2586"]
[BlackElo "2612"]
[PlyCount "72"]
[EventDate "2024.??.??"]

1. e4 c5 2. Nf3 d6 3. d4 cxd4 4. Nxd4 Nf6 5. Nc3 a6 6. Bc4 e6 7. Be3 Qc7 8. Qe2 b5 9. Bb3 Nbd7 10. Bxe6 fxe6 11. Nxe6 Qb8 12. Nd5 Nxd5 13. exd5 Nf6 14. Bd4 Bxe6 15. Qxe6+ Be7 16. Bxf6 gxf6 17. O-O-O Qc8 18. Qe2 Ra7 19. Qh5+ Kd8 20. Rhe1 Qc4 21. Kb1 Rc7 22. Qf5 Qh4 23. g3 Qg5 24. Qf3 Kc8 25. Rd4 Qg6 26. Qb3 Bd8 27. Rde4 Qf5 28. Rf4 Qh5 29. a4 Re8 30. Rxe8 Qxe8 31. axb5 axb5 32. Qa3 Qe2 33. Qa8+ Kd7 34. c3 f5 35. g4 Rxc3 36. Rxf5 Qf1+ 0-1

[Event "BL 2324 FC Bayern München - SK Kirchwey"]
[Site "?"]
[Date "2024.02.24"]
[Round "10.7"]
[White "Kovacevic, Aleksandar"]
[Black "Bogner, Sebastian"]
[Result "1/2-1/2"]
[WhiteElo "2453"]
[BlackElo "2538"]
[PlyCount "53"]
[EventDate "2024.??.??"]

1. e4 c5 2. Nf3 d6 3. Bb5+ Nd7 4. O-O a6 5. Bd3 Ngf6 6. Re1 g6 7. c3 Bg7 8. Bc2 O-O 9. d4 e5 10. dxe5 Nxe5 11. Nxe5 dxe5 12. Qe2 b5 13. a4 Bd7 14. b3 Qc7 15. c4 b4 16. Nd2 Nh5 17. g3 Bh6 18. Bb2 Bg4 19. f3 Bh3 20. Nf1 Bxf1 21. Rxf1 Ng7 22. Rad1 Ne6 23. Rd5 Bg7 24. Rfd1 Rfd8 25. Rxd8+ Rxd8 26. Rd5 a5 27. Qd2 1/2-1/2

[Event "BL 2324 MSA Zugzwang - SV Werder Bremen"]
[Site "?"]
[Date "2024.02.24"]
[Round "10.1"]
[White "Shevchenko, Kirill"]
[Black "Eljanov, Pavel"]
[Result "1/2-1/2"]
[WhiteElo "2661"]
[BlackElo "2699"]
[PlyCount "116"]
[EventDate "2024.??.??"]

1. e4 e5 2. Nf3 Nc6 3. Bb5 a6 4. Ba4 Nf6 5. O-O Be7 6. Re1 b5 7. Bb3 O-O 8. a4 b4 9. a5 d6 10. c3 Rb8 11. Bc4 Bg4 12. h3 Bh5 13. Bxa6 d5 14. exd5 Qxd5 15. d3 Bxf3 16. Qxf3 Qxf3 17. gxf3 bxc3 18. bxc3 Ra8 19. Bb7 Rxa5 20. Rxa5 Nxa5 21. Rxe5 Nxb7 22. Rxe7 Nc5 23. Rxc7 Nxd3 24. Be3 Nd5 25. Rd7 Nxe3 26. Rxd3 Nc4 27. Nd2 Nxd2 28. Rxd2 Ra8 29. Kg2 Kf8 30. c4 Ke7 31. Kg3 Ra3 32. Re2+ Kd7 33. h4 Rc3 34. Re4 h5 35. Kf4 f6 36. Rd4+ Ke6 37. Ke4 g6 38. Kf4 Ke7 39. Re4+ Kf7 40. Kg3 g5 41. Kg2 Kg6 42. hxg5 Kxg5 43. Kg3 Rc1 44. Rd4 Rg1+ 45. Kh2 Rc1 46. Kg2 f5 47. Kg3 Rg1+ 48. Kh2 Rc1 49. Kg2 Rc3 50. Kg3 Ra3 51. Rd8 h4+ 52. Kg2 Rc3 53. Rc8 Kf4 54. Rh8 Kg5 55. f4+ Kxf4 56. Rxh4+ Ke5 57. f3 Rc1 58. Kf2 f4 1/2-1/2

[Event "BL 2324 MSA Zugzwang - SV Werder Bremen"]
[Site "?"]
[Date "2024.02.24"]
[Round "10.2"]
[White "Shengelia, David"]
[Black "Ivic, Velimir"]
[Result "0-1"]
[WhiteElo "2480"]
[BlackElo "2567"]
[PlyCount "112"]
[EventDate "2024.??.??"]

1. d4 d5 2. Nf3 Nf6 3. e3 e6 4. b3 Bd6 5. Bd3 b6 6. O-O O-O 7. Bb2 Bb7 8. Nbd2 c5 9. dxc5 bxc5 10. Re1 Nc6 11. e4 Bc7 12. a3 Rb8 13. Qe2 d4 14. e5 Nd7 15. Nc4 Na5 16. Nfd2 Bd5 17. f4 Qe7 18. Rf1 g6 19. Nxa5 Bxa5 20. Nc4 Bxc4 21. Bxc4 Nb6 22. Rf3 Rfd8 23. Raf1 Bd2 24. Bc1 Bxc1 25. Rxc1 a5 26. g4 a4 27. Rcf1 Nd5 28. f5 Qg5 29. fxe6 fxe6 30. Rf6 Nxf6 31. Bxe6+ Kh8 32. exf6 axb3 33. cxb3 d3 34. Qf3 d2 35. f7 Qe5 36. Bc4 Kg7 37. Kg2 Qd4 38. g5 Kf8 39. Rd1 Qe5 40. Qg3 Qe4+ 41. Qf3 Qxf3+ 42. Kxf3 Rb7 43. a4 Re7 44. Kf2 Re5 45. h4 Re4 46. h5 gxh5 47. a5 h4 48. a6 Re7 49. Be2 Rxf7+ 50. Kg2 h3+ 51. Kxh3 Re7 52. Bf3 Re1 53. Rxd2 Rxd2 54. a7 Ra2 55. a8=Q+ Rxa8 56. Bxa8 Re3+ 0-1